000 01338cam a2200241 4500
008 000000n2000 000 0 eng u
020 _a0419253807
035 _a(Sirsi) u101176
041 _aeng
050 _a691
100 _aWoolley, Tom
245 _aGreen building handbook: volume 2 a guide to building products and thieir impact on the environment.
260 _aLondon
_bE & F N Spon
_c2000
300 _avii, 178p. ; 30cm.
350 _a29.95
520 _aThis new handbook provides a detailed reference for environmentally concerned purchasers of building products, and complements the first handbook. Discusses current issues in green building before moving on to consider eight building component types: fencing products; flat roofing membranes; galzing products; electrical wiring; adhesives; straw bale building; interior decoration; and indoor air quality and ventilation. Will be of paricular interest to surveyors, architects, local authorities, property managers, housing associations, contractors, and students of building science, architecture, surveying, housing and environmental health.
650 _aBUILT ENVIRONMENT-BUILDING MATERIALS
650 _aENVIRONMENTAL IMPACT
650 _aGREEN BUILDINGS
690 _aBUILT ENVIRONMENT-BUILDING MATERIALS
700 _aKimmins, Sam
942 _n0
999 _c100035
_d100035